Erice dal dopoguerra al duemila: la nascita dei comuni di Custonaci, Buseto Palizzolo, S. Vito Lo Capo, Valderice. Il tramonto di una città mito
Bewaard in:
| Hoofdauteur: | |
|---|---|
| Formaat: | Boek |
| Taal: | Italiaans |
| Gepubliceerd in: |
Palermo
Istituto Siciliano di Studi Politici ed Economici
2000
|
| Reeks: | Sicilia Nuova e Antica, 17
|
| Onderwerpen: | |
| Tags: |
Voeg label toe
Geen labels, Wees de eerste die dit record labelt!
|
MARC
| LEADER | 00000nam a2200000 a 4500 | ||
|---|---|---|---|
| 001 | UCL6421 | ||
| 003 | CL-VaPUC | ||
| 008 | 040402e20000000IT |||||||||||||||||ita|d | ||
| 082 | 0 | 4 | |a 945.82 |b GRA |2 21 |
| 100 | 0 | |a Grammatico, Dino |e author |9 484116 | |
| 245 | 1 | 0 | |a Erice dal dopoguerra al duemila: la nascita dei comuni di Custonaci, Buseto Palizzolo, S. Vito Lo Capo, Valderice. Il tramonto di una città mito |
| 300 | |a 138 p | ||
| 942 | |c BK | ||
| 945 | |d 20040402 00:00:00 |a cmena | ||
| 260 | |a Palermo |b Istituto Siciliano di Studi Politici ed Economici |c 2000 | ||
| 650 | 0 | |a Ciudades |9 265474 | |
| 650 | 0 | |a Historia de Italia |9 362027 | |
| 651 | 7 | |a ERICE |2 CL-VaPUC |9 484117 | |
| 583 | |a last modification |c 20040402 00:00:00 |k Rodrigo Vera | ||
| 490 | 0 | |a Sicilia Nuova e Antica, 17 | |
| 999 | |c 308529 |d 308527 | ||
| 952 | |0 0 |1 0 |4 0 |6 945_820000000000000_GRA_2000 |7 0 |8 A |9 375104 |a BIBHIS |b BIBHIS |d 2019-11-21 |i 3984370 |o 945.82 GRA 2000 |p 3984370 |r 2025-01-20 |w 2019-11-21 |y BK |k HIS | ||